[Event "Deutsche Ländermeisterschaft 2014"]
[Site "Hannover GER"]
[Date "2014.10.05"]
[Round "4"]
[White "Kuckling, Hannah"]
[Black "Galkin, Wladislaw"]
[Result "1-0"]
[Termination "normal"]
[Board "4.3"]
[WhiteElo "2024"]
[BlackElo "2099"]
[WhiteClock "00:14:41"]
[BlackClock "00:05:20"]
[WhiteTeam "Nordrhein-Westfalen"]
[BlackTeam "Hessen 1"]
[PlyCount "113"]
[WhiteFideId "24603660"]
[BlackFideId "4603192"]
[EventCountry "GER"]
[EventRounds "7"]
[EventType "team-swiss"]
[EventDate "2014.10.02"]

1. e4 {[%clk 1:30:57]} e5 {[%clk 1:30:53]} 2. Nf3 {[%clk 1:31:23]} Nc6 {[%clk
1:31:17]} 3. Bb5 {[%clk 1:31:49]} a6 {[%clk 1:31:38]} 4. Ba4 {[%clk 1:32:14]}
Nf6 {[%clk 1:32:03]} 5. O-O {[%clk 1:32:37]} Be7 {[%clk 1:32:19]} 6. Re1 {[%clk
1:33:01]} b5 {[%clk 1:32:42]} 7. Bb3 {[%clk 1:33:26]} d6 {[%clk 1:32:57]} 8. c3
{[%clk 1:33:50]} O-O {[%clk 1:33:20]} 9. d4 {[%clk 1:34:14]} Bg4 {[%clk
1:33:18]} 10. Be3 {[%clk 1:34:04]} Na5 {[%clk 1:32:21]} 11. dxe5 {[%clk
1:23:42]} Bxf3 {[%clk 1:29:58]} 12. Qxf3 {[%clk 1:24:08]} dxe5 {[%clk 1:27:29]}
13. Bc2 {[%clk 1:24:06]} Nc4 {[%clk 1:27:01]} 14. Bc1 {[%clk 1:24:02]} c5
{[%clk 1:26:37]} 15. b3 {[%clk 1:23:49]} Nb6 {[%clk 1:26:03]} 16. Nd2 {[%clk
1:14:37]} Qc7 {[%clk 1:24:28]} 17. Nf1 {[%clk 1:13:28]} c4 {[%clk 1:23:29]} 18.
Ng3 {[%clk 1:06:18]} Rfc8 {[%clk 1:21:33]} 19. Nf5 {[%clk 1:05:24]} Bf8 {[%clk
1:20:58]} 20. Bg5 {[%clk 1:03:34]} Ne8 {[%clk 1:16:10]} 21. Rad1 {[%clk
0:53:38]} f6 {[%clk 1:13:08]} 22. Be3 {[%clk 0:53:16]} Rd8 {[%clk 1:10:12]} 23.
h4 {[%clk 0:40:21]} a5 {[%clk 1:00:45]} 24. h5 {[%clk 0:39:23]} Bc5 {[%clk
0:55:19]} 25. h6 {[%clk 0:35:43]} g6 {[%clk 0:55:22]} 26. Bxc5 {[%clk 0:34:59]}
Qxc5 {[%clk 0:55:41]} 27. Ne3 {[%clk 0:35:25]} Kf7 {[%clk 0:48:09]} 28. bxc4
{[%clk 0:27:32]} Nxc4 {[%clk 0:46:03]} 29. Bb3 {[%clk 0:26:39]} a4 {[%clk
0:42:08]} 30. Bxc4+ {[%clk 0:26:07]} bxc4 {[%clk 0:42:30]} 31. Nd5 {[%clk
0:26:00]} Rab8 {[%clk 0:38:49]} 32. Rd2 {[%clk 0:23:32]} Rd6 {[%clk 0:36:34]}
33. Red1 {[%clk 0:23:25]} Rbd8 {[%clk 0:34:43]} 34. g4 {[%clk 0:17:57]} Nc7
{[%clk 0:31:20]} 35. g5 {[%clk 0:16:33]} Nxd5 {[%clk 0:23:40]} 36. Rxd5 {[%clk
0:16:40]} Qb6 {[%clk 0:23:07]} 37. Qe2 {[%clk 0:15:29]} Rxd5 {[%clk 0:08:42]}
38. Qxc4 {[%clk 0:15:20]} fxg5 {[%clk 0:05:00]} 39. Rxd5 {[%clk 0:14:34]} Rxd5
{[%clk 0:04:36]} 40. exd5 {[%clk 0:14:02]} Qb1+ {[%clk 0:03:19]} 41. Kg2 {[%clk
0:14:03]} Qd1 {[%clk 0:00:43]} 42. Qe4 {[%clk 0:05:25]} g4 {[%clk 0:21:19]} 43.
c4 {[%clk 0:30:44]} Qd2 {[%clk 0:20:16]} 44. Qxg4 {[%clk 0:28:54]} Qxh6 {[%clk
0:19:56]} 45. Qe6+ {[%clk 0:29:05]} Kf8 {[%clk 0:19:52]} 46. Qxe5 {[%clk
0:28:06]} Qh4 {[%clk 0:19:52]} 47. c5 {[%clk 0:22:11]} Qg4+ {[%clk 0:19:16]}
48. Qg3 {[%clk 0:22:22]} Qc4 {[%clk 0:19:10]} 49. Qd6+ {[%clk 0:20:57]} Kg7
{[%clk 0:16:17]} 50. Qe5+ {[%clk 0:20:19]} Kh6 {[%clk 0:13:46]} 51. c6 {[%clk
0:17:15]} Qg4+ {[%clk 0:08:57]} 52. Qg3 {[%clk 0:17:24]} Qc4 {[%clk 0:08:54]}
53. c7 {[%clk 0:14:39]} Kg7 {[%clk 0:05:02]} 54. Qe5+ {[%clk 0:13:34]} Kh6
{[%clk 0:05:09]} 55. Qe3+ {[%clk 0:13:57]} Kg7 {[%clk 0:05:17]} 56. Qe7+ {[%clk
0:14:21]} Kh6 {[%clk 0:05:20]} 57. Qf8+ {[%clk 0:14:41]} 1-0

[Event "Deutsche Ländermeisterschaft 2014"]
[Site "Hannover GER"]
[Date "2014.10.05"]
[Round "4"]
[White "Tran, My Linh"]
[Black "Bentel, Robin"]
[Result "0-1"]
[Termination "normal"]
[Board "4.4"]
[WhiteElo "2053"]
[BlackElo "2054"]
[WhiteClock "00:24:21"]
[BlackClock "00:27:45"]
[WhiteTeam "Hessen 1"]
[BlackTeam "Nordrhein-Westfalen"]
[PlyCount "96"]
[WhiteFideId "24682462"]
[BlackFideId "12918016"]
[EventCountry "GER"]
[EventRounds "7"]
[EventType "team-swiss"]
[EventDate "2014.10.02"]

1. e4 {[%clk 1:30:58]} e5 {[%clk 1:30:51]} 2. Nf3 {[%clk 1:31:23]} Nc6 {[%clk
1:31:14]} 3. Nc3 {[%clk 1:31:28]} Nf6 {[%clk 1:31:26]} 4. d4 {[%clk 1:31:52]}
exd4 {[%clk 1:30:24]} 5. Nxd4 {[%clk 1:32:17]} Bc5 {[%clk 1:29:14]} 6. Nxc6
{[%clk 1:27:35]} bxc6 {[%clk 1:29:33]} 7. Bd3 {[%clk 1:27:39]} O-O {[%clk
1:22:30]} 8. O-O {[%clk 1:28:03]} d5 {[%clk 1:19:21]} 9. exd5 {[%clk 1:28:27]}
cxd5 {[%clk 1:19:44]} 10. Bg5 {[%clk 1:28:48]} c6 {[%clk 1:20:02]} 11. Qf3
{[%clk 1:29:02]} Be7 {[%clk 1:20:24]} 12. Rae1 {[%clk 1:29:16]} Be6 {[%clk
1:16:58]} 13. h3 {[%clk 1:29:16]} Rb8 {[%clk 1:14:45]} 14. Nd1 {[%clk 1:29:04]}
c5 {[%clk 1:11:27]} 15. b3 {[%clk 1:25:10]} h6 {[%clk 0:55:11]} 16. Bc1 {[%clk
1:18:16]} d4 {[%clk 0:52:25]} 17. c4 {[%clk 0:55:43]} Bd6 {[%clk 0:36:06]} 18.
Bf4 {[%clk 0:47:52]} Rb6 {[%clk 0:19:54]} 19. Nb2 {[%clk 0:42:15]} Bd7 {[%clk
0:19:22]} 20. Bxd6 {[%clk 0:40:30]} Rxd6 {[%clk 0:19:49]} 21. Re5 {[%clk
0:39:48]} Qc7 {[%clk 0:18:43]} 22. Rfe1 {[%clk 0:38:41]} Re8 {[%clk 0:14:31]}
23. Rxe8+ {[%clk 0:36:41]} Bxe8 {[%clk 0:14:45]} 24. Qf5 {[%clk 0:28:40]} Bd7
{[%clk 0:11:52]} 25. Re7 {[%clk 0:18:08]} Kf8 {[%clk 0:11:10]} 26. Rxd7 {[%clk
0:11:56]} Nxd7 {[%clk 0:11:38]} 27. Qh7 {[%clk 0:11:30]} g5 {[%clk 0:11:53]}
28. Bf5 {[%clk 0:08:27]} Rf6 {[%clk 0:11:30]} 29. Nd3 {[%clk 0:07:58]} Ne5
{[%clk 0:10:36]} 30. Nxe5 {[%clk 0:07:45]} Qxe5 {[%clk 0:10:58]} 31. g4 {[%clk
0:08:11]} Ke7 {[%clk 0:10:10]} 32. Kg2 {[%clk 0:07:13]} Qe2 {[%clk 0:09:26]}
33. Qh8 {[%clk 0:06:17]} Rd6 {[%clk 0:03:30]} 34. Qc8 {[%clk 0:05:38]} Qe5
{[%clk 0:03:45]} 35. Qb7+ {[%clk 0:04:35]} Kf6 {[%clk 0:03:05]} 36. Qa8 {[%clk
0:05:04]} Kg7 37. Bd3 {[%clk 0:04:45]} Qe7 {[%clk 0:02:56]} 38. Qc8 {[%clk
0:04:14]} Rf6 {[%clk 0:03:06]} 39. Bf5 {[%clk 0:03:20]} Qd6 {[%clk 0:03:21]}
40. Qe8 {[%clk 0:00:51]} d3 {[%clk 0:02:31]} 41. Qe1 {[%clk 0:00:45]} d2 {[%clk
0:02:42]} 42. Qd1 {[%clk 0:01:08]} Qf4 {[%clk 0:29:56]} 43. Qe2 {[%clk
0:28:11]} h5 {[%clk 0:28:12]} 44. a3 {[%clk 0:25:56]} hxg4 {[%clk 0:27:31]} 45.
hxg4 {[%clk 0:25:16]} Rh6 {[%clk 0:27:26]} 46. Bc2 {[%clk 0:23:54]} Qh2+ {[%clk
0:27:20]} 47. Kf3 {[%clk 0:24:10]} Qh3+ {[%clk 0:27:25]} 48. Ke4 {[%clk
0:24:21]} Re6+ {[%clk 0:27:45]} 0-1

[Event "Deutsche Ländermeisterschaft 2014"]
[Site "Hannover GER"]
[Date "2014.10.05"]
[Round "4"]
[White "Savchenko, Daniel"]
[Black "Nothnagel, Marian Can"]
[Result "1-0"]
[Termination "normal"]
[Board "4.5"]
[WhiteElo "1784"]
[BlackElo "1827"]
[WhiteClock "00:36:19"]
[BlackClock "00:02:19"]
[WhiteTeam "Nordrhein-Westfalen"]
[BlackTeam "Hessen 1"]
[PlyCount "75"]
[WhiteFideId "12919195"]
[BlackFideId "12921530"]
[EventCountry "GER"]
[EventRounds "7"]
[EventType "team-swiss"]
[EventDate "2014.10.02"]

1. e4 {[%clk 1:30:56]} e5 {[%clk 1:30:56]} 2. Nf3 {[%clk 1:31:18]} d6 {[%clk
1:31:17]} 3. d4 {[%clk 1:31:40]} exd4 {[%clk 1:31:44]} 4. Qxd4 {[%clk 1:32:04]}
Nf6 {[%clk 1:32:10]} 5. Nc3 {[%clk 1:32:25]} Be7 {[%clk 1:32:36]} 6. Bg5 {[%clk
1:32:46]} O-O {[%clk 1:32:59]} 7. O-O-O {[%clk 1:32:46]} Nc6 {[%clk 1:33:21]}
8. Qd2 {[%clk 1:33:10]} Be6 {[%clk 1:32:27]} 9. h4 {[%clk 1:33:15]} a6 {[%clk
1:27:10]} 10. Bd3 {[%clk 1:33:23]} b5 {[%clk 1:24:09]} 11. Nd5 {[%clk 1:33:16]}
Bxd5 {[%clk 1:17:53]} 12. exd5 {[%clk 1:31:45]} Ne5 {[%clk 1:17:22]} 13. Nxe5
{[%clk 1:29:46]} dxe5 {[%clk 1:17:46]} 14. f4 {[%clk 1:26:06]} exf4 {[%clk
1:10:39]} 15. Qxf4 {[%clk 1:25:04]} Re8 {[%clk 1:02:29]} 16. Rhf1 {[%clk
1:20:36]} Qd7 {[%clk 0:48:28]} 17. Qf3 {[%clk 1:10:21]} Qg4 {[%clk 0:39:21]}
18. Qf2 {[%clk 1:08:25]} Rad8 {[%clk 0:37:09]} 19. Kb1 {[%clk 1:03:17]} h6
{[%clk 0:23:35]} 20. Bf5 {[%clk 1:00:08]} Qb4 {[%clk 0:23:37]} 21. Qf3 {[%clk
0:53:20]} Qd6 {[%clk 0:18:12]} 22. Bf4 {[%clk 0:50:27]} Qc5 {[%clk 0:18:02]}
23. Be3 {[%clk 0:48:45]} Qd6 {[%clk 0:17:32]} 24. g4 {[%clk 0:47:38]} Bf8
{[%clk 0:08:48]} 25. g5 {[%clk 0:45:19]} Nxd5 {[%clk 0:07:54]} 26. Bc1 {[%clk
0:42:24]} Re7 {[%clk 0:06:28]} 27. gxh6 {[%clk 0:42:36]} g6 {[%clk 0:06:26]}
28. Be4 {[%clk 0:41:49]} c6 {[%clk 0:06:53]} 29. h5 {[%clk 0:40:45]} Kh7 {[%clk
0:05:59]} 30. Rg1 {[%clk 0:39:54]} Kh8 {[%clk 0:02:33]} 31. hxg6 {[%clk
0:40:04]} fxg6 {[%clk 0:02:59]} 32. Rxg6 {[%clk 0:39:30]} Re6 {[%clk 0:03:27]}
33. Rdg1 {[%clk 0:37:18]} Rxg6 {[%clk 0:03:27]} 34. Rxg6 {[%clk 0:37:33]} Qe7
{[%clk 0:03:13]} 35. Bg5 {[%clk 0:36:22]} Qb4 {[%clk 0:02:04]} 36. Bf6+ {[%clk
0:36:05]} Bg7 {[%clk 0:01:59]} 37. Bxg7+ {[%clk 0:36:22]} Kg8 {[%clk 0:02:19]}
38. Be5+ {[%clk 0:36:19]} 1-0

[Event "Deutsche Ländermeisterschaft 2014"]
[Site "Hannover GER"]
[Date "2014.10.05"]
[Round "4"]
[White "Poetsch, Leonore"]
[Black "Baltic, Fatih"]
[Result "0-1"]
[Termination "normal"]
[Board "4.6"]
[WhiteElo "1541"]
[BlackElo "1890"]
[WhiteClock "00:28:41"]
[BlackClock "00:49:12"]
[WhiteTeam "Hessen 1"]
[BlackTeam "Nordrhein-Westfalen"]
[PlyCount "134"]
[WhiteFideId "12940372"]
[BlackFideId "12979090"]
[EventCountry "GER"]
[EventRounds "7"]
[EventType "team-swiss"]
[EventDate "2014.10.02"]

1. Nf3 {[%clk 1:30:57]} c5 {[%clk 1:30:50]} 2. c4 {[%clk 1:30:05]} e6 {[%clk
1:31:08]} 3. e4 {[%clk 1:29:57]} a6 {[%clk 1:31:26]} 4. Nc3 {[%clk 1:29:32]}
Qc7 {[%clk 1:31:02]} 5. g3 {[%clk 1:28:56]} b6 {[%clk 1:30:27]} 6. Bg2 {[%clk
1:28:45]} Bb7 {[%clk 1:30:46]} 7. d3 {[%clk 1:28:53]} d6 {[%clk 1:30:57]} 8.
Be3 {[%clk 1:28:23]} Nf6 {[%clk 1:31:16]} 9. h3 {[%clk 1:27:39]} Nbd7 {[%clk
1:31:03]} 10. Qc2 {[%clk 1:27:28]} Be7 {[%clk 1:31:26]} 11. a3 {[%clk 1:26:46]}
O-O {[%clk 1:31:07]} 12. b4 {[%clk 1:26:38]} Rfc8 {[%clk 1:31:23]} 13. bxc5
{[%clk 1:24:14]} dxc5 {[%clk 1:29:44]} 14. O-O {[%clk 1:24:08]} Bc6 {[%clk
1:28:09]} 15. a4 {[%clk 1:23:52]} Bd6 {[%clk 1:25:19]} 16. Rfb1 {[%clk
1:23:11]} Rab8 {[%clk 1:24:22]} 17. Ra2 {[%clk 1:20:38]} Qd8 {[%clk 1:24:40]}
18. Rab2 {[%clk 1:18:49]} a5 {[%clk 1:21:33]} 19. Rd1 {[%clk 1:14:17]} Ne5
{[%clk 1:18:32]} 20. Nd2 {[%clk 1:12:24]} Bc7 {[%clk 1:17:10]} 21. Ndb1 {[%clk
1:11:04]} Bd7 {[%clk 1:14:58]} 22. Na3 {[%clk 1:10:07]} Nc6 {[%clk 1:15:09]}
23. f4 {[%clk 1:07:58]} Nb4 {[%clk 1:13:11]} 24. Qe2 {[%clk 1:06:00]} Qe7
{[%clk 1:07:47]} 25. Ncb5 {[%clk 1:04:56]} Bxb5 {[%clk 1:06:24]} 26. Nxb5
{[%clk 1:05:21]} e5 {[%clk 1:05:31]} 27. Nxc7 {[%clk 0:59:11]} Qxc7 {[%clk
1:04:40]} 28. Kh2 {[%clk 0:58:49]} Nd7 {[%clk 1:04:12]} 29. f5 {[%clk 0:54:31]}
Qc6 {[%clk 1:03:34]} 30. Ra1 {[%clk 0:54:43]} Rd8 {[%clk 1:01:34]} 31. Rd2
{[%clk 0:54:42]} Rb7 {[%clk 1:00:42]} 32. Bf1 {[%clk 0:54:35]} Nb8 {[%clk
0:58:32]} 33. Qd1 {[%clk 0:53:33]} Rbd7 {[%clk 0:57:33]} 34. Ra3 {[%clk
0:53:29]} Rd6 {[%clk 0:57:52]} 35. g4 {[%clk 0:51:35]} Qd7 {[%clk 0:58:02]} 36.
g5 {[%clk 0:50:37]} N8c6 {[%clk 0:58:09]} 37. h4 {[%clk 0:47:23]} Nd4 {[%clk
0:51:18]} 38. Bxd4 {[%clk 0:46:35]} Rxd4 {[%clk 0:51:34]} 39. h5 {[%clk
0:41:39]} Rxe4 {[%clk 0:50:01]} 40. dxe4 {[%clk 0:40:21]} Qxd2+ {[%clk
0:50:22]} 41. Qxd2 {[%clk 0:39:55]} Rxd2+ {[%clk 0:50:45]} 42. Kg3 {[%clk
0:39:53]} Rd1 {[%clk 0:49:57]} 43. Be2 {[%clk 0:39:21]} Rg1+ {[%clk 0:50:19]}
44. Kh4 {[%clk 0:38:46]} Rg2 {[%clk 0:49:46]} 45. Bf1 {[%clk 0:36:24]} Rf2
{[%clk 0:50:08]} 46. Ra1 {[%clk 0:35:08]} Rf4+ {[%clk 0:50:28]} 47. Kg3 {[%clk
0:34:05]} Rxe4 {[%clk 0:50:49]} 48. Rd1 {[%clk 0:34:08]} Rd4 {[%clk 0:51:04]}
49. Rc1 {[%clk 0:33:30]} Kf8 {[%clk 0:49:20]} 50. Bg2 {[%clk 0:31:14]} Rf4
{[%clk 0:49:03]} 51. Bh3 {[%clk 0:31:13]} Rd4 {[%clk 0:49:07]} 52. g6 {[%clk
0:30:56]} h6 {[%clk 0:48:57]} 53. Bg2 {[%clk 0:29:57]} f6 {[%clk 0:49:15]} 54.
Bb7 {[%clk 0:29:44]} Ke7 {[%clk 0:48:01]} 55. Bc8 {[%clk 0:29:50]} Kd8 {[%clk
0:48:22]} 56. Be6 {[%clk 0:30:10]} Na6 {[%clk 0:48:27]} 57. Rb1 {[%clk
0:28:10]} Kc7 {[%clk 0:48:46]} 58. Rf1 {[%clk 0:27:52]} Rd3+ {[%clk 0:48:43]}
59. Rf3 {[%clk 0:28:10]} Rd1 {[%clk 0:48:58]} 60. Bd5 {[%clk 0:27:24]} Ra1
{[%clk 0:49:02]} 61. Be6 {[%clk 0:27:32]} Rxa4 {[%clk 0:49:14]} 62. Rd3 {[%clk
0:27:50]} Nb8 {[%clk 0:49:39]} 63. Kf3 {[%clk 0:28:09]} Ra1 {[%clk 0:48:48]}
64. Ke4 {[%clk 0:28:07]} Rh1 {[%clk 0:48:49]} 65. Kd5 {[%clk 0:28:15]} Rh4
{[%clk 0:48:54]} 66. Bc8 {[%clk 0:28:19]} Rd4+ {[%clk 0:48:56]} 67. Rxd4 {[%clk
0:28:41]} exd4 {[%clk 0:49:12]} 0-1

[Event "Deutsche Ländermeisterschaft 2014"]
[Site "Hannover GER"]
[Date "2014.10.05"]
[Round "4"]
[White "Bork, Sophie"]
[Black "Stork, Oliver"]
[Result "1/2-1/2"]
[Termination "normal"]
[Board "4.7"]
[WhiteElo "1574"]
[BlackElo "1752"]
[WhiteClock "00:07:10"]
[BlackClock "00:07:09"]
[WhiteTeam "Nordrhein-Westfalen"]
[BlackTeam "Hessen 1"]
[PlyCount "100"]
[WhiteFideId "12905429"]
[BlackFideId "12955728"]
[EventCountry "GER"]
[EventRounds "7"]
[EventType "team-swiss"]
[EventDate "2014.10.02"]

1. e4 {[%clk 1:30:58]} e5 {[%clk 1:30:55]} 2. Nf3 {[%clk 1:31:22]} Nc6 {[%clk
1:31:14]} 3. Bc4 {[%clk 1:31:46]} Bc5 {[%clk 1:31:34]} 4. c3 {[%clk 1:32:08]}
Nf6 {[%clk 1:31:56]} 5. d3 {[%clk 1:32:31]} d6 {[%clk 1:32:18]} 6. Bb3 {[%clk
1:32:55]} a6 {[%clk 1:32:00]} 7. h3 {[%clk 1:33:04]} Ba7 {[%clk 1:28:39]} 8.
Nbd2 {[%clk 1:33:07]} Ne7 {[%clk 1:18:42]} 9. O-O {[%clk 1:30:09]} Ng6 {[%clk
1:11:06]} 10. Re1 {[%clk 1:26:42]} O-O {[%clk 1:04:50]} 11. Nf1 {[%clk
1:26:06]} Qe7 {[%clk 0:54:28]} 12. Ng3 {[%clk 1:23:36]} Be6 {[%clk 0:47:23]}
13. Bc2 {[%clk 1:21:12]} Rfe8 {[%clk 0:31:22]} 14. d4 {[%clk 1:13:30]} Rad8
{[%clk 0:27:00]} 15. Be3 {[%clk 1:02:14]} Bd7 {[%clk 0:18:26]} 16. dxe5 {[%clk
0:56:26]} dxe5 {[%clk 0:16:21]} 17. Bxa7 {[%clk 0:53:48]} b6 {[%clk 0:14:30]}
18. Qe2 {[%clk 0:47:20]} Ra8 {[%clk 0:12:58]} 19. Bxb6 {[%clk 0:43:52]} cxb6
{[%clk 0:13:08]} 20. Rad1 {[%clk 0:42:37]} Red8 {[%clk 0:11:08]} 21. Qe3 {[%clk
0:38:57]} Rab8 {[%clk 0:09:51]} 22. Rd2 {[%clk 0:38:04]} b5 {[%clk 0:08:41]}
23. Red1 {[%clk 0:35:45]} Bc6 {[%clk 0:07:40]} 24. Nf5 {[%clk 0:31:27]} Qc7
{[%clk 0:07:16]} 25. Nd6 {[%clk 0:24:56]} Rd7 {[%clk 0:04:27]} 26. Bb3 {[%clk
0:19:38]} a5 {[%clk 0:03:52]} 27. Nxf7 {[%clk 0:15:47]} Rxf7 {[%clk 0:04:10]}
28. Ng5 {[%clk 0:14:37]} Be8 {[%clk 0:03:25]} 29. Rd6 {[%clk 0:07:51]} a4
{[%clk 0:02:45]} 30. Bxf7+ {[%clk 0:08:15]} Bxf7 {[%clk 0:03:11]} 31. Nxf7
{[%clk 0:08:15]} Kxf7 {[%clk 0:03:36]} 32. Qd3 {[%clk 0:06:06]} Nf4 {[%clk
0:03:40]} 33. Qe3 {[%clk 0:04:34]} Rc8 {[%clk 0:03:01]} 34. Ra6 {[%clk
0:02:54]} Rb8 {[%clk 0:02:44]} 35. Ra7 {[%clk 0:01:43]} Rb7 {[%clk 0:03:10]}
36. Rxb7 {[%clk 0:02:07]} Qxb7 {[%clk 0:03:35]} 37. f3 {[%clk 0:01:42]} Qc7
{[%clk 0:03:31]} 38. b3 {[%clk 0:01:20]} Ke6 {[%clk 0:01:52]} 39. Kh2 {[%clk
0:01:06]} Qc6 {[%clk 0:01:04]} 40. g3 {[%clk 0:00:50]} Ng6 {[%clk 0:01:02]} 41.
Rd3 {[%clk 0:24:49]} Nf8 {[%clk 0:28:01]} 42. Qg5 {[%clk 0:20:09]} Qc5 {[%clk
0:22:29]} 43. Qd2 {[%clk 0:18:26]} Qc6 {[%clk 0:19:41]} 44. Kg2 {[%clk
0:17:30]} N8d7 {[%clk 0:19:30]} 45. bxa4 {[%clk 0:15:12]} bxa4 {[%clk 0:19:26]}
46. Qc2 {[%clk 0:12:56]} Qc4 {[%clk 0:15:58]} 47. Rd1 {[%clk 0:12:49]} Qc6
{[%clk 0:10:32]} 48. Rb1 {[%clk 0:11:31]} Nc5 {[%clk 0:09:16]} 49. Rb4 {[%clk
0:10:28]} a3 {[%clk 0:07:09]} 50. Qb1 {[%clk 0:07:10]} Nfd7 1/2-1/2

[Event "Deutsche Ländermeisterschaft 2014"]
[Site "Hannover GER"]
[Date "2014.10.05"]
[Round "4"]
[White "Flach, Helene"]
[Black "Paulweber, Lara Maria"]
[Result "1-0"]
[Termination "normal"]
[Board "4.8"]
[WhiteElo "1649"]
[BlackElo "1431"]
[WhiteClock "00:18:22"]
[BlackClock "00:30:27"]
[WhiteTeam "Hessen 1"]
[BlackTeam "Nordrhein-Westfalen"]
[PlyCount "117"]
[WhiteFideId "12929735"]
[BlackFideId "12954411"]
[EventCountry "GER"]
[EventRounds "7"]
[EventType "team-swiss"]
[EventDate "2014.10.02"]

1. e4 {[%clk 1:31:00]} e6 {[%clk 1:31:29]} 2. d4 {[%clk 1:31:43]} d5 {[%clk
1:31:35]} 3. exd5 {[%clk 1:32:08]} exd5 {[%clk 1:31:57]} 4. Bd3 {[%clk
1:32:34]} c5 {[%clk 1:31:45]} 5. c3 {[%clk 1:32:22]} Nc6 {[%clk 1:32:03]} 6.
Ne2 {[%clk 1:31:49]} Nf6 {[%clk 1:31:45]} 7. O-O {[%clk 1:28:28]} Bd6 {[%clk
1:31:35]} 8. Re1 {[%clk 1:27:22]} O-O {[%clk 1:31:44]} 9. h3 {[%clk 1:24:35]}
Re8 {[%clk 1:29:35]} 10. Nd2 {[%clk 1:22:47]} Bd7 {[%clk 1:21:43]} 11. Nf3
{[%clk 1:21:55]} h6 {[%clk 1:18:28]} 12. Bf4 {[%clk 1:20:49]} Rxe2 {[%clk
1:15:29]} 13. Bxd6 {[%clk 1:19:12]} Rxe1+ {[%clk 1:13:54]} 14. Qxe1 {[%clk
1:19:00]} cxd4 {[%clk 1:13:39]} 15. Nxd4 {[%clk 1:16:42]} Nxd4 {[%clk 1:13:45]}
16. cxd4 {[%clk 1:15:09]} Be6 {[%clk 1:05:24]} 17. Be5 {[%clk 1:10:02]} Nh7
{[%clk 1:01:16]} 18. Rc1 {[%clk 1:06:34]} Rc8 {[%clk 0:57:18]} 19. Rxc8 {[%clk
1:02:08]} Qxc8 {[%clk 0:57:33]} 20. Qc3 {[%clk 1:00:54]} Qd7 {[%clk 0:53:55]}
21. Qc7 {[%clk 0:57:19]} Qxc7 {[%clk 0:52:33]} 22. Bxc7 {[%clk 0:57:42]} Nf6
{[%clk 0:52:27]} 23. f3 {[%clk 0:55:32]} a6 {[%clk 0:49:51]} 24. Bd6 {[%clk
0:53:09]} Bc8 {[%clk 0:47:19]} 25. Kf2 {[%clk 0:52:10]} Ne8 {[%clk 0:47:00]}
26. Bb4 {[%clk 0:50:33]} Nc7 {[%clk 0:45:49]} 27. Ke3 {[%clk 0:45:30]} Nb5
{[%clk 0:45:12]} 28. Bc5 {[%clk 0:43:18]} Nc7 {[%clk 0:42:44]} 29. Bc2 {[%clk
0:42:06]} Ne6 {[%clk 0:41:48]} 30. Bb3 {[%clk 0:38:06]} Nc7 {[%clk 0:39:10]}
31. Kf4 {[%clk 0:36:43]} f6 {[%clk 0:36:05]} 32. Bb6 {[%clk 0:28:39]} Nb5
{[%clk 0:31:38]} 33. Bxd5+ {[%clk 0:27:56]} Kf8 {[%clk 0:30:46]} 34. Be4 {[%clk
0:20:36]} Ke8 {[%clk 0:29:04]} 35. Bc5 {[%clk 0:17:33]} Nc7 {[%clk 0:27:44]}
36. Bg6+ {[%clk 0:16:13]} Kd8 {[%clk 0:27:21]} 37. Bb6 {[%clk 0:16:13]} Kd7
{[%clk 0:27:09]} 38. Bf5+ {[%clk 0:16:01]} Kd8 {[%clk 0:26:05]} 39. Bxc7+
{[%clk 0:15:31]} Kxc7 {[%clk 0:26:21]} 40. Bxc8 Kxc8 {[%clk 0:26:34]} 41. Kf5
{[%clk 0:15:47]} Kd7 {[%clk 0:26:30]} 42. Kg6 {[%clk 0:15:40]} Ke6 {[%clk
0:26:31]} 43. Kxg7 {[%clk 0:15:24]} Kd5 {[%clk 0:26:49]} 44. Kxf6 {[%clk
0:15:24]} Kxd4 {[%clk 0:27:06]} 45. f4 {[%clk 0:15:39]} Kd3 {[%clk 0:26:43]}
46. Kg6 {[%clk 0:15:43]} Kc2 {[%clk 0:26:42]} 47. f5 {[%clk 0:14:26]} Kxb2
{[%clk 0:27:02]} 48. f6 {[%clk 0:14:45]} Kxa2 {[%clk 0:27:29]} 49. f7 {[%clk
0:15:09]} b5 {[%clk 0:27:53]} 50. f8=Q {[%clk 0:15:30]} b4 {[%clk 0:28:17]} 51.
Qxb4 {[%clk 0:15:49]} a5 {[%clk 0:28:23]} 52. Qxa5+ {[%clk 0:16:07]} Kb3 {[%clk
0:28:43]} 53. Qc5 {[%clk 0:16:26]} h5 {[%clk 0:28:59]} 54. Kf5 {[%clk 0:16:50]}
h4 {[%clk 0:29:23]} 55. Ke4 {[%clk 0:17:17]} Ka4 {[%clk 0:29:30]} 56. Qb6
{[%clk 0:17:37]} Ka3 {[%clk 0:29:49]} 57. Kd3 {[%clk 0:17:59]} Ka4 {[%clk
0:30:03]} 58. Kc4 {[%clk 0:18:22]} Ka3 {[%clk 0:30:27]} 59. Qb3# 1-0